<?xml version="1.0" encoding="UTF-8"?><?xml-stylesheet type="text/xsl" href="static/style.xsl"?><OAI-PMH xmlns="http://www.openarchives.org/OAI/2.0/" xmlns:xsi="http://www.w3.org/2001/XMLSchema-instance" xsi:schemaLocation="http://www.openarchives.org/OAI/2.0/ http://www.openarchives.org/OAI/2.0/OAI-PMH.xsd"><responseDate>2026-06-01T18:27:20Z</responseDate><request verb="GetRecord" identifier="oai:riuma.uma.es:10630/33955" metadataPrefix="marc">https://riuma.uma.es/rest/oai/request</request><GetRecord><record><header><identifier>oai:riuma.uma.es:10630/33955</identifier><datestamp>2026-02-03T11:34:47Z</datestamp><setSpec>com_10630_2254</setSpec><setSpec>col_10630_37953</setSpec></header><metadata><record xmlns="http://www.loc.gov/MARC21/slim" xmlns:dcterms="http://purl.org/dc/terms/" xmlns:doc="http://www.lyncode.com/xoai" xmlns:xsi="http://www.w3.org/2001/XMLSchema-instance" xsi:schemaLocation="http://www.loc.gov/MARC21/slim http://www.loc.gov/standards/marcxml/schema/MARC21slim.xsd">
   <leader>00925njm 22002777a 4500</leader>
   <datafield ind2=" " ind1=" " tag="042">
      <subfield code="a">dc</subfield>
   </datafield>
   <datafield ind2=" " ind1=" " tag="720">
      <subfield code="a">Angulo-Guerrero, María José</subfield>
      <subfield code="e">author</subfield>
   </datafield>
   <datafield ind2=" " ind1=" " tag="720">
      <subfield code="a">Pérez-Moreno, Salvador Jesús</subfield>
      <subfield code="e">author</subfield>
   </datafield>
   <datafield ind2=" " ind1=" " tag="720">
      <subfield code="a">Abad-Guerrero, Isabel María</subfield>
      <subfield code="e">author</subfield>
   </datafield>
   <datafield ind2=" " ind1=" " tag="260">
      <subfield code="c">2017-04</subfield>
   </datafield>
   <datafield ind2=" " ind1=" " tag="520">
      <subfield code="a">This research addresses the extent to which economic freedom, understood as market  economy-oriented institutions and policies, matters for opportunity entrepreneurship and necessity  entrepreneurship. To this end, we carry out a panel data dynamic analysis in the OECD countries  during the period 2001-2012 by using the system Generalized Method of Moments estimator. We  examine the relationship between the Fraser Institute’s economic freedom index and its five areas,  and both indicators from the Global Entrepreneurship Monitor on opportunity entrepreneurship and necessity entrepreneurship. We find that economic liberalization tends to encourage opportunity entrepreneurship and to discourage necessity entrepreneurship. In particular, opportunity  entrepreneurship seems to benefit from improvements in legal structure and security of property  rights and in regulation of credit, labor, and business, while both aspects and more freedom to trade  internationally seem to damage necessity entrepreneurship.</subfield>
   </datafield>
   <datafield ind1="8" ind2=" " tag="024">
      <subfield code="a">Angulo-Guerrero, M.J., Pérez-Moreno, S.,  &amp; Abad-Guerrero, I.M. (2017). How economic freedom affects opportunity and necessity entrepreneurship in the OECD countries, Journal of Business Research, Volume 73, 30-37. https://doi.org/10.1016/j.jbusres.2016.11.017.</subfield>
   </datafield>
   <datafield ind1="8" ind2=" " tag="024">
      <subfield code="a">https://hdl.handle.net/10630/33955</subfield>
   </datafield>
   <datafield ind1="8" ind2=" " tag="024">
      <subfield code="a">10.1016/j.jbusres.2016.11.017</subfield>
   </datafield>
   <datafield tag="653" ind2=" " ind1=" ">
      <subfield code="a">Organización de Cooperación y Desarrollo Económico</subfield>
   </datafield>
   <datafield tag="653" ind2=" " ind1=" ">
      <subfield code="a">Economía de mercado</subfield>
   </datafield>
   <datafield ind2="0" ind1="0" tag="245">
      <subfield code="a">How economic freedom affects opportunity and necessity entrepreneurship in the OECD countries</subfield>
   </datafield>
</record>
</metadata></record></GetRecord></OAI-PMH>